| 000 | 01574nam a2200205 a 4500 | ||
|---|---|---|---|
| 001 | 000047351 | ||
| 005 | 20201002060509.0 | ||
| 008 | 180507s2017 dr ac 001 0 spa d | ||
| 040 |
_aDO-SdBNP _bspa _cBNPHU |
||
| 082 |
_axxxx _bM475i |
||
| 100 | 1 |
_aMaza Miquel, Manuel Pablo, _d1945- _910881 |
|
| 245 | 1 | 0 |
_aIntroducción a la historia de la iglesia : _bedades modernas y contemporánea / _cManuel Pablo Maza Miquel ; revisión Monseñor José Grullón ; diagramación Jesús Pérez. |
| 260 |
_aSanto Domingo : _bInstituto Nacional de Pastoral, _bAmigo del Hogar, _c2017. |
||
| 300 |
_a238 p. : _bil., retrs. ; _c22 cm. |
||
| 504 | _aBibliografía : p. 236-238 | ||
| 505 | 0 |
_aIntroducción general -- _tLa reforma protestante -- _tLa revolución científica -- _tLa iglesia enfrenta el desafío de la ilustración -- _tLa iglesia, La revolución francesa y Napoleón -- _tTratado de atrasar las manecillas de la historia. La iglesia desde León XII (1823-1829) al Pontificado de Pio IX -- _tPio IX y su época 1846-1978 -- _tLa iglesia ante la cuestión social. ¿por qué se llegó tarde? -- _tPío X y su época, 1903-1914. Benedicto XV (1914-1922). Mensajero de la paz ante una Europa sorda -- _tPío XI (1922-1939): El fin de la cuestión Romana. Inicia la acción católica y enfrentó los totalitarismos -- _tPío XII (1939-1958): Cerró algunas puertas y abrió muchas -- _tJuan XXIII: El papa que se dio a querer -- _tEl concilio vaticano II (1962-1965). |
|
| 590 | _aInventariado, 2020 /LP | ||
| 700 | 1 |
_aGrullón, José, _erev. _975008 |
|
| 700 | 1 |
_aPérez, Jesús, _ediag. _975009 |
|
| 999 |
_c46839 _d46839 |
||